000 01665cam a22004454i 4500
003 PE-LiUPU
005 20250731172902.0
008 s txt rb 001 0 spa d
020 _a0801049210
020 _a9780801049217
035 _a(Sirsi) a166004
040 _aPE-LiUPU
_bspa
_cPE-LiUPU
_erda
049 _aPRUA
082 0 4 _a262.1209015
_bS79
_223
100 1 _aStewart Alistair C.,
_eautor.
245 1 4 _aThe original bishops :
_boffice and order in the first Christian communities /
_cAlistair C. Stewart.
264 _aGrand Rapids :
_bBaker Academic, a division of Baker Publishing Group,
_c2014.
300 _a394 páginas ;
_c24 centimetros.
336 _atext
_2rdacontent
337 _aunmediated
_2rdamedia
338 _avolume
_2rdacarrier
504 _aBibliografía : páginas 357-374
505 0 4 _aIntroducción: 1. On Episkopoi and Presbyteroi -- 2. The Economic Funtions of Episkopoi and Diakonoi -- 3. Presbyters in Early Christian Communities -- 4. Presbyters and Episkopoi in Emerging Christian Communities -- 5. The Causes of Monepiscopacy.
526 _aSEG42
526 _aSEG41
526 _aSEG40
526 _aSEG39
526 _aP94
526 _aP87
526 _aP86
526 _aP85
526 _aP77
526 _aP76
526 _aP35
650 0 4 _aHistoria primitiva de la iglesia
596 _a1
942 _2ddc
_cBOOK
999 _a262.1209015 S79
_wLC
_c14741
_i75544
_f2021-11-10
_g5
_lCCODEBUL1
_mBUL
_r0
_sY
_tBOOK
_u2017-1-11
_xTEOLOGIA
_PP35
_0COMPRA
_o.STAFF. Colección Teología
_d14741
980 _81
_gALBERTO SANCHEZ Responsable de Automatización